|
|
|
|
| LEADER |
00000nab a2200000 ar4500 |
| 001 |
vtls011613646 |
| 003 |
SK-MaSNL |
| 005 |
20260303224042.0 |
| 008 |
171109c20170130xo dr|n|||||||000 b|slo |
| 038 |
|
|
|a PPPK
|
| 040 |
|
|
|a PPPKCL
|b slo
|c PPPKCL
|e AACR2
|
| 041 |
0 |
|
|a slo
|
| 044 |
|
|
|a xo
|c SK
|
| 080 |
|
|
|a 796.966
|x (437.6)
|2 2011
|
| 245 |
0 |
0 |
|a Exhibíciu zvládli lepšie Šatanovci
|c [text] mg ; Foto: SITA/Radoslav Maťaš
|
| 300 |
|
|
|b Fotogr.
|
| 600 |
1 |
7 |
|a Bondra, Peter,
|d 1968-
|2 pppkcl
|9 240671
|
| 600 |
1 |
7 |
|a Šatan, Miroslav,
|d 1974-
|2 pppkcl
|9 14308
|
| 610 |
2 |
7 |
|a Tím Bondra
|2 pppkcl
|9 1259367
|
| 610 |
2 |
7 |
|a Tím Šatan
|2 pppkcl
|9 1259368
|
| 611 |
2 |
7 |
|a Zápas hviezd
|d (2017 :
|c Poprad, Slovensko)
|2 pppkcl
|9 1259369
|
| 650 |
0 |
7 |
|a šport
|2 snkbucl
|9 1042
|
| 650 |
0 |
7 |
|a ľadový hokej
|2 pppkcl
|9 3231
|
| 650 |
0 |
7 |
|a exhibičné zápasy
|2 pppkcl
|9 1033199
|
| 651 |
|
7 |
|a Poprad (Slovensko)
|2 pppkcl
|9 20155
|
| 700 |
1 |
|
|a Maťaš, Radoslav
|4 pht
|9 1087347
|
| 773 |
0 |
|
|t Pravda
|g Roč. 27, č. 24 (30.1.2017), s. 39
|x 1335-4050
|
| 852 |
|
|
|a PPPK
|b KIS3GCP
|
| 999 |
|
|
|c 2250488
|d 2252418
|